the office songs #2 - Statistics

General Stats
  • This quiz has been taken 28 times
  • The average score is 113 of 160
Answer Stats
Lyrics % Correct
a
94%
scranton
94%
the
94%
and
88%
city
88%
electric
88%
is
88%
it
88%
of
88%
to
88%
what
88%
yo
88%
in
82%
just
82%
my
82%
office
82%
our
82%
out
82%
they
82%
call
76%
check
76%
dope
76%
mike
76%
see
76%
shaking
76%
so
76%
town
76%
we
76%
bacon
71%
dwight
71%
grilled
71%
how
71%
it's
71%
man
71%
plate
71%
pretty
71%
sitting
71%
that
71%
your
71%
but
65%
by
65%
electricity
65%
go
65%
if
65%
live
65%
spot
65%
with
65%
care
59%
cars
59%
compact
59%
covered
59%
health
59%
provider
59%
bit
53%
little
53%
spider
53%
'cause
47%
control
47%
lot
47%
parking
47%
poison
47%
you're
47%
bread
41%
for
41%
are
35%
lazy
35%
like
35%
space
35%
tasty
35%
east
29%
from
29%
plenty
29%
west
29%
best
24%
libraries
24%
parks
24%
public
24%
time
24%
attack
18%
city's
18%
Cugino's
18%
laid
18%
snack
18%
truly
18%
don't
12%
head
12%
lose
12%
No matching quizzes found
Score Distribution
Percent of People with Each Score
Percentile by Number Answered
Your Score History
You have not taken this quiz